000 02394nam2a2200253 4500
001 RU\NLR\BIBL_A\012658259
005 20220720140301.0
021 _aRU
_bКН-П-21-049436
_9КН-П-21-3888
035 _a(NLR Aleph) 012658259
090 _a12747366
_c12747366
100 _a20211203d2020 u y0rusy50 ca
101 0 _arus
102 _aRU
105 _aa j 000zy
200 1 _aКратковременно подключаемый полный привод
210 _d2020
215 _a279, [1] с.
_cил.
320 _aБиблиогр.: с. 275-278 (111 назв.)
461 0 _1001RU\NLR\BIBL_A\012658258
_12001#$aПолный привод автомобилей$eучебное пособие$eдля студентов всех форм обучения при подготовке специалистов по специальности 23.05.01 "Наземные транспортно-технологические средства" и бакалавров по направлению 23.03.02 "Наземные транспортно-технологические комплексы"$fС. С. Никифоров$gМинистерство науки и высшего образования Российской Федерации, Южно-Уральский государственный университет, Кафедра колесные и гусеничные машины$vЧ. 1
_1700#1$aНикифоров$bС. С.$gСергей Степанович$cканд. техн. наук, автомобилестроение$3RU\NLR\AUTH\770237453
_912747363
_aНикифоров, С. С. (канд. техн. наук, автомобилестроение)
_cЧелябинск
_d2020
_fС. С. Никифоров
_nИздательский центр ЮУрГУ
_oучебное пособие : для студентов всех форм обучения при подготовке специалистов по специальности 23.05.01 "Наземные транспортно-технологические средства" и бакалавров по направлению 23.03.02 "Наземные транспортно-технологические комплексы"
_tПолный привод автомобилей
_vЧ. 1
942 _cBOOK
980 _aNBR
980 _aNB